Database design and development : An essential guide for IT professionals

Unlike other IT resources currently available that tend to focus on a particular product, Database Design and Development: An Essential Guide for IT Professionals was created to give today's IT directors and other IT staff a solid basic knowledge of database design and development to help them...

תיאור מלא

שמור ב:
מידע ביבליוגרפי
מחבר ראשי: Ponniah, Paulraj
פורמט: ספר
שפה:Undetermined
יצא לאור: New Jersey John Wiley & Sons 2003
נושאים:
תגים: הוספת תג
אין תגיות, היה/י הראשונ/ה לתייג את הרשומה!
Thư viện lưu trữ: Trung tâm Học liệu Trường Đại học Cần Thơ
LEADER 01222nam a2200217Ia 4500
001 CTU_164312
008 210402s9999 xx 000 0 und d
020 |c 111.97 
082 |a 005.74 
082 |b P797 
100 |a Ponniah, Paulraj 
245 0 |a Database design and development : 
245 3 |b An essential guide for IT professionals 
245 0 |c Paulraj Ponniah 
260 |a New Jersey 
260 |b John Wiley & Sons 
260 |c 2003 
520 |a Unlike other IT resources currently available that tend to focus on a particular product, Database Design and Development: An Essential Guide for IT Professionals was created to give today's IT directors and other IT staff a solid basic knowledge of database design and development to help them make educated decisions about the right database environment for their companies. Today's IT professionals must understand the fundamentals in order to determine their next steps for specializing in the vast field of database technology. 
650 |a Database design,Database management,Thiết kế cơ sở dữ liệu,Quản trị cơ sở dữ liệu 
904 |i Bạch Trúc 
980 |a Trung tâm Học liệu Trường Đại học Cần Thơ